Ländernamen ohne doppelte Buchstaben - Statistiken

Allgemein
  • Dieses Quiz wurde 368 mal gespielt
    359 seit der letzten Aktualisierung
  • Das Durchschnittsergebnis liegt bei 32 aus 49
Antwortstatistiken
Land % Korrekt
China
87%
Irland
86%
Island
86%
Chile
82%
Irak
80%
Iran
80%
Oman
80%
Peru
80%
Polen
80%
Portugal
80%
Mexiko
79%
Schweiz
76%
Estland
74%
Litauen
74%
Türkei
72%
Laos
71%
Israel
70%
Kuba
70%
Mali
70%
Niger
70%
Zypern
70%
Dänemark
69%
Ägypten
68%
Sudan
66%
Bhutan
65%
Kenia
65%
Vietnam
64%
Belarus
63%
Kroatien
63%
Libyen
63%
Ukraine
63%
Slowakei
62%
Südkorea
61%
Tschad
61%
Brunei
59%
Nepal
58%
Honduras
57%
Tonga
57%
Syrien
56%
Kolumbien
55%
Bulgarien
54%
Ecuador
54%
Gabun
54%
Guinea
52%
Kuwait
51%
Suriname
51%
Kamerun
44%
Moldawien
41%
Singapur
40%
Keine übereinstimmenden Quizze gefunden
Verteilung der Resultate
Anzahl Personen mit jedem Resultat
Perzentil nach korrekt beantworteten Fragen
Ihre Resultats-Entwicklung
Sie haben dieses Quiz seit der letzten Aktualisierung nicht gespielt